Musicals by Character - Statistics

General Stats
  • This quiz has been taken 196 times
  • The average score is 7 of 15
Answer Stats
Hint Answer % Correct
Eliza Schuyler Hamilton
88%
Glinda, the Witch of the North The Wizard of Oz
83%
Betty Rizzo Grease
75%
Cosette Fauchelevent Les Miserables
73%
Seymour Krelborn Little Shop of Horrors
67%
Oliver Warbucks Annie
63%
Connor Murphy Dear Evan Hansen
60%
Horton the Elephant Seussical
58%
Juan Perón Evita
49%
Potiphar Joseph and the Amazing Technicolor Dreamcoat
33%
Jenna Hunterson Waitress
31%
Riff Lorton West Side Story
30%
Don Lockwood Singin’ in the Rain
14%
Doralee Rhodes Nine to Five
9%
Edward Lyons Blood Brothers
8%
No matching quizzes found
Score Distribution
Percent of People with Each Score
Percentile by Number Answered
Your Score History
You have not taken this quiz